000 00287nam a22001337a 4500
008 170202b xxu||||| |||| 00| 0 eng d
020 _a2900135133957
041 _aeng
080 _a61
100 _a3
101 _aSHM
245 _aMEDICAL TERMINOLOGY
_cWINGERD .B.R
942 _2udc
_cBK
999 _c4323
_d4323